¿Cómo obtener el máximo del salario mínimo? /
Gorde:
| Egile nagusia: | |
|---|---|
| Formatua: | Texto |
| Gaiak: | |
| Etiketak: |
Etiketa erantsi
Etiketarik gabe, Izan zaitez lehena erregistro honi etiketa jartzen!
|
MARC
| LEADER | 00000 a a2200000 04500 | ||
|---|---|---|---|
| 001 | 5566 | ||
| 003 | |||
| 040 | |||
| 100 | |a Saget, Catherine | ||
| 245 | |a ¿Cómo obtener el máximo del salario mínimo? / |c Catherine Saget | ||
| 650 | |a SALARIO MINIMO | ||
| 773 | |g número 128; páginas 73-78 | ||
| 999 | |c 29545 |d 29545 | ||
